000 00428nam a22001697a 4500
003 UA-OsUOA
001 4614
007 ta
008 20050721b un ||||| |||| 00| 0 ukr d
100 _aМичка
700 _aК. І.
942 _cBK
040 _aUA-OsUOA
_cUA-OsUOA
_dUA-OsUOA
245 _aОсобливості творення фразеологізмів в анг. мові
_bBA Paper
955 _a2
650 7 _2UDC
999 _c290776
_d290776